000 00693nam a22002417a 4500
003 dpl
005 20180726122623.0
008 180726b xxu||||| |||| 00| 0 eng d
010 _aA-826172
020 _a8172016875
035 _aA-826172
037 _bBPPD/PUB
040 _c0
082 _aS
100 _aNarang gopi chand
245 _aBalwant singh selected short stories /
_cby Gopi chand narang, Jai ratan
260 _aNew Delhi
_bSahitya akademi
_c1996
270 _aRabindra bhawan, 35 ferozeshah road
_bNew delhi
_e110001
300 _a304p.
_c22 cm (Hb)
650 _aFinancial accountancy
700 _aJai ratan
942 _adpl
_cEN
_k657.48 / GUP
_2ddc
_hS
_mNAR
999 _c154870
_d154870